Analysis of capital punishment in India: A study (Record no. 394021)

MARC details
000 -LEADER
fixed length control field 00452nam a22001817a 4500
005 - DATE & TIME
control field 20251124105212.0
008 - FIXED-LENGTH DATA ELEMENTS--GENERAL INFORMATION
fixed length control field 251124b |||||||| |||| 00| 0 eng d
040 ## - CATALOGING SOURCE
Original cataloging agency VIVEKANANDA LIBRARY
082 ## - DDC NUMBER
Classification number 345.0773
Book Number S62A
100 ## - MAIN ENTRY--PERSONAL NAME
Personal name Sumit
245 ## - TITLE STATEMENT
Title Analysis of capital punishment in India: A study
260 ## - PUBLICATION, DISTRIBUTION, ETC. (IMPRINT)
Name of publisher, distributor, etc South Point Law College, Sonipat
Date of publication, distribution, etc 2023
300 ## - PHYSICAL DESCRIPTION
Pages xi, 103
650 ## - Subject
Subject Law
650 ## - Subject
Subject Punishment -India
700 ## - Added Entry Personal Name
Added Entry Personal Name Sonia
942 ## - ADDED ENTRY ELEMENTS (KOHA)
Koha item type Thesis
Holdings
Withdrawn status Lost status Source of classification or shelving scheme Damaged status Not for loan Location (home branch) Sublocation or collection (holding branch) Shelving location Date acquired Koha issues (times borrowed) Koha full call number Accession No. Koha date last seen Copy number Koha item type
    Dewey Decimal Classification     VIVEKANANDA LIBRARY VIVEKANANDA LIBRARY Law Library 24/11/2025   345.0773 S62A 445588 24/11/2025 R Thesis
© Designed and Maintained by Vivekananda Library, MDU Rohtak